000 01103cam a2200277 i 4500
003 EG-ScBUE
005 20231213101603.0
008 100628s1988 ua f b 000 0 ara d
017 _a88 / 7534
040 _aEG-ScBUE
_bara
_erda
_cEG-ScBUE
_dEG-ScBUE
043 _aa-is---
082 0 4 _222
_a320.95694
_bج ل ا
100 1 _915362
_aجلادى، جدع،
_eمؤلف.
245 1 0 _aإسرائيل نحو الانفجار الداخلي :
_bالتقاطب بين المستوطنين الأوربيين وأبناء دار الإسلام /
_cجدع جلادي.
250 _aالطبعة الأولى.
264 1 _aالقاهرة :
_bدار البيادر للنشر والتوزيع،
_c1988.
300 _a430 صفحة ؛
_c24 سم
336 _2rdacontent
_aنص
_btxt
337 _aبدون وسيط
_2rdamedia
_bn
338 _aمجلد
_bnc
_2rdacarrier
504 _aيشتمل على إرجاعات ببليوجرافية.
541 _aألف باء ؛
_cشراء ؛
651 7 _2BUEsh
_aإسرائيل
_x‪أحوال سياسية.
655 _vReading book
942 _2ddc
_cBB
999 _c14259
_d14259